Kashmir : (Record no. 129950)

MARC details
000 -LEADER
fixed length control field 00803nam a22002537a 4500
003 - CONTROL NUMBER IDENTIFIER
control field 0
005 - DATE AND TIME OF LATEST TRANSACTION
control field 20180630125040.0
008 - FIXED-LENGTH DATA ELEMENTS--GENERAL INFORMATION
fixed length control field 0
010 ## - LIBRARY OF CONGRESS CONTROL NUMBER
LC control number A-735288
020 ## - INTERNATIONAL STANDARD BOOK NUMBER
Terms of availability 00.00
035 ## - SYSTEM CONTROL NUMBER
System control number A-735288, a-711444
037 ## - SOURCE OF ACQUISITION
Source of stock number/acquisition Cen Lib/Ret
040 ## - CATALOGING SOURCE
Original cataloging agency DPL
Language of cataloging EN
Transcribing agency 0
082 ## - DEWEY DECIMAL CLASSIFICATION NUMBER
Classification number 954.11
Item number TAV
100 ## - MAIN ENTRY--PERSONAL NAME
Personal name Tavleen Singh
9 (RLIN) 27872
245 ## - TITLE STATEMENT
Title Kashmir :
Statement of responsibility, etc by Tavleen Singh
Remainder of title a tragedy of errors /
260 ## - PUBLICATION, DISTRIBUTION, ETC. (IMPRINT)
Name of publisher, distributor, etc Penguin Books India
Place of publication, distribution, etc New Delhi
Date of publication, distribution, etc 1995
270 ## - ADDRESS
Address 210 Chiranjiv Tower, 43 Nehru Place
City New Delhi
Postal code 110019
300 ## - PHYSICAL DESCRIPTION
Extent xviii,253p. :
Dimensions 21cm(Hb)
Other physical details ill.
500 ## - GENERAL NOTE
General note Includes bibliographical references and index
650 ## - SUBJECT ADDED ENTRY--TOPICAL TERM
Topical term or geographic name as entry element Political crimes and offenses
9 (RLIN) 27873
650 ## - SUBJECT ADDED ENTRY--TOPICAL TERM
Topical term or geographic name as entry element Jammu and Kashmir (India) -- Politics and government
9 (RLIN) 27874
942 ## - ADDED ENTRY ELEMENTS (KOHA)
Source of classification or shelving scheme Dewey Decimal Classification
Koha item type English Books
Classification part 954.11
Call number suffix TAV
Holdings
Withdrawn status Lost status Damaged status Not for loan Home library Current library Date acquired Source of acquisition Cost, normal purchase price Total Checkouts Total Renewals Full call number Barcode Date last seen Date checked out Copy number Cost, replacement price Price effective from Koha item type Public note Source of classification or shelving scheme Collection code
Written off       Central Library Central Library 08/07/2015 Cen Lib/Ret 0.00 1 2 954.11 TAV A-735288 13/04/2019 03/03/2019 1 0.00 08/07/2015 English Books Written off on approval by DLB (By Circulation); dtd 15-06-2023    
        Patel Nagar Patel Nagar 30/06/2018 BPPD/Pub 0.00     954.11 TAV a-711444 30/06/2018   1 0.00 30/06/2018 English Books   Dewey Decimal Classification Non-fiction

© Delhi Public Library
Hit Counter
free hit counter